Sociology / (Record no. 2535)
[ view plain ]
| 000 -LEADER | |
|---|---|
| fixed length control field | 01251pam a2200205 a 4500 |
| 020 ## - INTERNATIONAL STANDARD BOOK NUMBER | |
| ISBN | 0070378797 (acidfree paper) |
| 050 00 - CALL NUMBER | |
| Classification number | HM51 |
| Item number | .L52 |
| 100 1# - AUTHOR | |
| Personal name | Calhoun, Craig J., |
| 245 10 - TITLE | |
| Title | Sociology / |
| Statement of responsibility, etc | Craig Calhoun, Donald Light, Suzanne Keller. |
| 250 ## - EDITION | |
| Edition statement | 6th ed. |
| 260 ## - PUBLICATION INFORMATION | |
| Place of publication | New York : |
| Name of publisher | McGraw-Hill, |
| Year of publication | c1994. |
| 300 ## - DESCRIPTION | |
| Number of Pages | xxvii, 651 p. : |
| Other physical details | ill. (some col.) ; |
| Dimensions | 26 cm. |
| 500 ## - NOTES | |
| General note | includes bibliographic reference and index |
| 505 ## - FORMATTED CONTENTS NOTE | |
| Table of Content | Part 1 The study of sociology: the sociological perspective; methods of sociological research. Part 2 The individual and society: interaction and social structure; culture; socialization; the life course - from childhood to old age; deviance and social control; groups and organizations. Part 3 Inequality and power: class and stratification; race and ethnic relations; gender roles and inequality. Part 4 Social institutions: family; education; religion; health care and medicine; economics and work; politics, the State and war. Part 5 Global challenges: the Third World; population and environment; communities and urbanization; social movements and co |
| 650 #0 - SUBJECTS | |
| Topical Term | Sociology. |
| 700 1# - OTHER AUTHORS | |
| Personal name | Light, Donald, 1942- |
| 700 1# - OTHER AUTHORS | |
| Personal name | Keller, Suzanne Infeld, |
| 700 1# - OTHER AUTHORS | |
| Personal name | Light, Donald, |
| 942 ## - ADDED ENTRY ELEMENTS (KOHA) | |
| Koha item type | Books |
| Withdrawn status | Lost status | Home library | Current library | Shelving location | Date acquired | Full call number | Accession Number | Koha item type |
|---|---|---|---|---|---|---|---|---|
| Methodist University Library Tema | Methodist University Library Tema | General Stacks | 16/12/1999 | HM51 .L52 | 21349 | Books | ||
| Methodist University Library Tema | Methodist University Library Tema | General Stacks | 16/12/1999 | HM51 .L52 | 21348 | Books | ||
| Methodist University Library Tema | Methodist University Library Tema | General Stacks | 16/12/1999 | HM51 .L52 | 21347 | Books |